Sociología de las organizaciones: una introducción al comportamiento organizacional

I tiakina i:
Ngā taipitopito rārangi puna kōrero
Kaituhi matua: Krieger, Mario José (Author)
Hōputu: Pukapuka
Reo:Pāniora
I whakaputaina: Buenos Aires Pearson Education 2001
Ngā marau:
Ngā Tūtohu: Tāpirihia he Tūtohu
Kāore He Tūtohu, Me noho koe te mea tuatahi ki te tūtohu i tēnei pūkete!

MARC

LEADER 00000nam a2200000 a 4500
001 UCM9554
003 CL-VaPUC
008 030502e20011200AG |||||||||||||||||spa|d
082 0 4 |a 302.35  |b KRI  |2 21 
100 |a Krieger, Mario José  |e author  |9 556496 
245 1 0 |a Sociología de las organizaciones: una introducción al comportamiento organizacional 
300 |a 569 p 
942 |c BK 
945 |d 20030502 00:00:00  |a vberengu 
260 |a Buenos Aires  |b Pearson Education  |c 2001 
650 0 |a Sociología   |9 255410 
650 0 |a Organizaciones  |9 337993 
650 7 |a CONDUCTA ORGANIZACIONAL  |2 CL-VaPUC  |9 263671 
650 7 |a INDIVIDUO  |2 CL-VaPUC  |9 334576 
650 0 |a Organización  |9 256369 
650 0 |a Comunicación organizacional   |9 312644 
650 0 |a Cultura de la organización  |9 463742 
650 0 |a Liderazgo  |9 271835 
650 0 |a Relaciones humanas  |9 307340 
583 |a last modification  |c 20030502 00:00:00  |k Rodrigo Vera 
999 |c 303754  |d 303752 
952 |0 0  |1 0  |4 0  |6 302_350000000000000_KRI_2001  |7 0  |8 A  |9 365276  |a BIBENE  |b BIBENE  |d 2019-11-21  |i 3901327  |o 302.35 KRI 2001  |p 3901327  |r 2025-01-15  |w 2019-11-21  |y BK  |k ICO 
952 |0 0  |1 0  |4 0  |6 302_350000000000000_KRI_2001  |7 0  |8 A  |9 365277  |a BIBENE  |b BIBENE  |d 2019-11-21  |i 390346K  |o 302.35 KRI 2001  |p 390346K  |r 2025-01-15  |w 2019-11-21  |y BK  |k ICO 
952 |0 0  |1 0  |4 0  |6 302_350000000000000_KRI_2001  |7 0  |8 A  |9 365278  |a BIBENE  |b BIBENE  |d 2019-11-21  |i 4339061  |o 302.35 KRI 2001  |p 4339061  |r 2025-01-15  |w 2019-11-21  |y BK  |k ICO